Auctioneers bid for sales online (Record no. 61621)

MARC details
000 -LEADER
fixed length control field 00781cam a2200205 4500
001 - CONTROL NUMBER
control field WB3546-01
008 - FIXED-LENGTH DATA ELEMENTS--GENERAL INFORMATION
fixed length control field 000000n1999 000 0 eng u
035 ## - SYSTEM CONTROL NUMBER
System control number (Sirsi) u102625
245 ## - TITLE STATEMENT
Title Auctioneers bid for sales online
260 ## - PUBLICATION, DISTRIBUTION, ETC.
Date of publication, distribution, etc. 1999
490 ## - SERIES STATEMENT
Series statement Sunday Business
Volume/sequential designation 21 November 1999, 9(2)
520 ## - SUMMARY, ETC.
Summary, etc. British auction houses in the face of tough competition and now all but in foreign ownership are trying to boost trade by re-inventing themselves online. Sotheby's is the latest to become an internet trader with a joint venture with Amazon.com. The address will be: www.Sothebys.amazon.com
590 ## - LOCAL NOTE (RLIN)
Local note WB
650 ## - SUBJECT ADDED ENTRY--TOPICAL TERM
Topical term or geographic name entry element SOTHEBYS
650 ## - SUBJECT ADDED ENTRY--TOPICAL TERM
Topical term or geographic name entry element AMAZON
650 ## - SUBJECT ADDED ENTRY--TOPICAL TERM
Topical term or geographic name entry element INTERNET AUCTIONS
650 ## - SUBJECT ADDED ENTRY--TOPICAL TERM
Topical term or geographic name entry element JOINT VENTURES
690 ## - LOCAL SUBJECT ADDED ENTRY--TOPICAL TERM (OCLC, RLIN)
Topical term or geographic name as entry element Auctioneering
9 (RLIN) 6218
942 ## - ADDED ENTRY ELEMENTS (KOHA)
Suppress in OPAC 0
Holdings
Withdrawn status Lost status Source of classification or shelving scheme Damaged status Not for loan Home library Current library Shelving location Date acquired Total Checkouts Full call number Barcode Date last seen Copy number Price effective from Koha item type
    Dewey Decimal Classification     London London News article 23/11/1999   WB3546-01 102625-1001 06/08/2019 1 06/08/2019 News article